| 000 | 00393nam a22001697a 4500 | ||
|---|---|---|---|
| 003 | OSt | ||
| 005 | 20260317123706.0 | ||
| 008 | 260317b |||||||| |||| 00| 0 eng d | ||
| 040 | _cFLL | ||
| 041 |
_aENG _dENG |
||
| 100 |
_aRAHMAN, TALHA, ABDUL _91132312 |
||
| 245 | _aIN CHAMBERS A YOUNG LAWYERS | ||
| 250 | _a1st | ||
| 260 |
_aLUCKNOW _bEBC _c2025 |
||
| 300 | _a221 | ||
| 942 |
_2CC _cTB _n0 |
||
| 999 |
_c1715611 _d1715611 |
||